[Event "World Rapid 2017"]
[Site "Riyadh KSA"]
[Date "2017.12.27"]
[Round "10.57"]
[White "Lam, Daniel King-wai"]
[Black "Salgado Lopez, Ivan"]
[Result "0-1"]
[WhiteTitle "FM"]
[BlackTitle "GM"]
[WhiteElo "2222"]
[BlackElo "2644"]
[WhiteFideId "6001238"]
[BlackFideId "2257327"]
[EventDate "2017.12.26"]

1. d4 Nf6 2. c4 e6 3. Nc3 c5 4. d5 d6 5. e4 Be7 6. h3 O-O 7. Nf3 e5 8. Be2 Nbd7
9. O-O Re8 10. Re1 Nf8 11. Bf1 Ng6 12. g3 Bd7 13. Rb1 Qc8 14. Kh2 Rf8 15. Be3
Bd8 16. a3 h6 17. b4 b6 18. Nd2 Ne8 19. Bg2 Bg5 20. Bxg5 hxg5 21. Qh5 g4 22.
hxg4 Nf6 23. Qg5 Nxg4+ 24. Kg1 Nf6 25. Rf1 Re8 26. f4 cxb4 27. axb4 a5 28. bxa5
bxa5 29. f5 Nf8 30. Nb5 Qc5+ 31. Kh2 a4 32. Bf3 Reb8 33. Be2 N8h7 34. Qh4 Bxb5
35. cxb5 Qe3 0-1

[Event "World Rapid 2017"]
[Site "Riyadh KSA"]
[Date "2017.12.27"]
[Round "10.58"]
[White "Abdyjapar, Asyl"]
[Black "Al-Hajiri, Bader"]
[Result "0-1"]
[WhiteTitle "IM"]
[BlackTitle "FM"]
[WhiteElo "2382"]
[BlackElo "2165"]
[WhiteFideId "13800337"]
[BlackFideId "10300163"]
[EventDate "2017.12.26"]

1. d4 d5 2. c4 e6 3. Nc3 Nf6 4. Nf3 c6 5. e3 Nbd7 6. Qc2 Bd6 7. b3 Qe7 8. Bb2
O-O 9. Bd3 b6 10. O-O Bb7 11. Rfe1 c5 12. e4 cxd4 13. Nxd4 dxc4 14. Bxc4 Rac8
15. Nf3 Ne5 16. Nxe5 Bxe5 17. f3 a6 18. a4 Bxc3 19. Bxc3 b5 20. axb5 axb5 21. e5
Ne8 22. Qd2 bxc4 23. Bb4 Qc7 24. Bxf8 c3 25. Qe3 Kxf8 26. Rec1 Bd5 27. b4 Qc4
28. b5 c2 29. b6 Qc5 30. Qxc5+ Rxc5 31. Ra7 Bb3 32. b7 Rb5 33. Kf2 g5 34. h4
gxh4 35. f4 Kg7 36. Ke2 Kg6 37. Kd2 Ng7 38. Kc3 Nf5 39. g4 hxg3 40. Ra8 Rxb7 41.
Rg8+ Ng7 42. Rg1 Rc7+ 43. Kxb3 c1=Q 0-1

[Event "World Rapid 2017"]
[Site "Riyadh KSA"]
[Date "2017.12.27"]
[Round "10.59"]
[White "Miswadah, Baha"]
[Black "Saeed, Ishaq"]
[Result "0-1"]
[BlackTitle "FM"]
[WhiteElo "1877"]
[BlackElo "2434"]
[WhiteFideId "11502118"]
[BlackFideId "9301453"]
[EventDate "2017.12.26"]

1. e4 e5 2. Nf3 Nc6 3. d4 exd4 4. Nxd4 Qf6 5. Be3 Bc5 6. c3 Nge7 7. Bc4 O-O 8.
O-O b6 9. Nc2 Qg6 10. Bxc5 bxc5 11. Nd2 Rb8 12. Rb1 d6 13. Ne3 Kh8 14. Be2 f5
15. Bh5 Qh6 16. exf5 Nxf5 17. Ndc4 Be6 18. b3 d5 19. Nxd5 Rbd8 20. Bf3 Bxd5 21.
Bxd5 Nce7 22. Ne3 Nxe3 23. fxe3 Qxe3+ 24. Kh1 Rxf1+ 25. Qxf1 Nxd5 26. Rd1 Qg5
27. Qd3 Qxg2+ 28. Kxg2 Nf4+ 29. Kf2 Rxd3 30. Re1 h6 31. Re7 Rxc3 32. Rxc7 a5 33.
h4 Kh7 34. Ke1 Rc2 35. a4 Ng2+ 36. Kd1 Ne3+ 37. Ke1 c4 38. bxc4 Rxc4 39. Rxc4
Nxc4 0-1

[Event "World Rapid 2017"]
[Site "Riyadh KSA"]
[Date "2017.12.27"]
[Round "10.60"]
[White "Omar, Noaman"]
[Black "Al Jabri, Mohammed Ali"]
[Result "1/2-1/2"]
[WhiteTitle "IM"]
[WhiteElo "2364"]
[BlackElo "2154"]
[WhiteFideId "9300244"]
[BlackFideId "7604734"]
[EventDate "2017.12.26"]

1. d4 d5 2. c4 Bf5 3. Nc3 e6 4. Nf3 c6 5. Qb3 Qb6 6. c5 Qc7 7. Bf4 Qc8 8. e3 Nf6
9. h3 h6 10. Qd1 Be7 11. Be2 O-O 12. O-O Nbd7 13. b4 Bd8 14. b5 Bc7 15. Bd3 Bxd3
16. Qxd3 Re8 17. bxc6 bxc6 18. Bxc7 Qxc7 19. Qa6 Rab8 20. Rfb1 Rxb1+ 21. Rxb1
Rb8 22. Rb3 Rxb3 23. axb3 Nb8 24. Qa4 Nfd7 25. Ne2 Qb7 26. Kf1 Kf8 27. Ke1 Ke7
28. Kd2 Na6 29. Nc3 Nc7 30. b4 f6 31. Kc2 Nb8 32. Nd2 Nba6 33. Kb3 e5 34. Ka3
exd4 35. exd4 Nb5+ 36. Nxb5 Qxb5 37. Qxb5 cxb5 38. Kb3 Ke6 39. Nb1 Nb8 40. Nc3
a6 41. Ne2 g5 42. g4 f5 43. Ng3 fxg4 44. hxg4 Nc6 45. Nf5 Kf6 46. Nxh6 Nxd4+ 47.
Kc3 Nc6 48. Nf5 Ke5 49. f3 d4+ 50. Kd2 Nxb4 51. Ne7 a5 52. c6 Kd6 53. Nf5+ Kxc6
54. Nxd4+ Kc5 55. Ne6+ Kd6 56. Nxg5 a4 57. Kc3 Nd5+ 58. Kb2 b4 59. Ne4+ Ke5 60.
Nc5 a3+ 61. Kb3 Kf4 62. Nd3+ Kxf3 63. g5 Ke4 64. Nxb4 Nxb4 65. g6 a2 66. Kb2 Nd5
67. g7 Ne7 68. Ka1 Kf5 69. Kb2 Kf6 70. Kxa2 Kxg7 1/2-1/2

[Event "World Rapid 2017"]
[Site "Riyadh KSA"]
[Date "2017.12.27"]
[Round "10.61"]
[White "Bukannan, Ahmed A"]
[Black "Minko, Vladimir"]
[Result "0-1"]
[BlackTitle "IM"]
[WhiteElo "1929"]
[BlackElo "2381"]
[WhiteFideId "21504164"]
[BlackFideId "24146706"]
[EventDate "2017.12.26"]

1. d4 Nf6 2. Nf3 e6 3. c4 c5 4. Nc3 cxd4 5. Nxd4 Bb4 6. Qc2 O-O 7. e3 Nc6 8. Be2
d5 9. O-O Qe7 10. cxd5 exd5 11. Bf3 Rd8 12. Bd2 Ne5 13. Be2 Bd6 14. Nf5 Bxf5 15.
Qxf5 Ng6 16. Rad1 Rac8 17. Bc1 Qe6 18. Qxe6 fxe6 19. Bf3 Ne5 20. Be2 Nc6 21. Bf3
Be5 22. Ne2 Kf7 23. Bd2 Rd7 24. Bc3 Bxc3 25. Nxc3 Ne5 26. Be2 Nc4 27. Bxc4 Rxc4
28. h3 a6 29. Rc1 e5 30. Ne2 Ke6 31. f3 Ne8 32. b3 Rc6 33. Kf2 Nd6 34. Rfd1 Rf7
35. Ke1 Rfc7 36. Kd2 Nf5 37. g4 Nh4 38. Rf1 Rxc1 39. Nxc1 e4 40. fxe4 dxe4 41.
Rf4 Ke5 42. Ne2 Nf3+ 43. Kd1 Rd7+ 44. Kc1 Rd3 45. Rf5+ Kd6 46. Ng3 Rxe3 47.
Nxe4+ Kc6 48. Ng5 Nd4 49. h4 Nxf5 50. gxf5 h6 51. Ne6 Rxe6 52. fxe6 Kd6 53. Kd2
Kxe6 54. Ke3 Kf5 55. Kf3 h5 56. a4 a5 0-1

[Event "World Rapid 2017"]
[Site "Riyadh KSA"]
[Date "2017.12.27"]
[Round "10.62"]
[White "Al Ghamdi, Ahmed M"]
[Black "Al Habeeb, Emad"]
[Result "1-0"]
[WhiteTitle "CM"]
[WhiteElo "2159"]
[BlackElo "1933"]
[WhiteFideId "21500150"]
[BlackFideId "21500029"]
[EventDate "2017.12.26"]

1. e4 d6 2. d4 Nf6 3. Nc3 g6 4. f4 Bg7 5. Bd3 O-O 6. Nf3 Bg4 7. O-O e5 8. fxe5
dxe5 9. d5 Qd6 10. h3 Bxf3 11. Qxf3 a6 12. a3 Nbd7 13. b4 b5 14. Be3 Nh5 15. Ne2
Rae8 16. g4 Nhf6 17. Rac1 Nxd5 18. exd5 e4 19. Bxe4 Qe5 20. Ng3 Nf6 21. Bc5 Nxe4
22. Nxe4 Qxe4 23. Qxe4 Rxe4 24. Bxf8 Kxf8 25. Rf3 Bd4+ 26. Kf1 Bb2 27. Rd1 Ke7
28. Re1 Rxe1+ 29. Kxe1 Be5 30. Ke2 f6 31. Kd3 Bb2 32. Ke4 Kd6 33. c3 Ke7 34. Kd4
Bxa3 35. Kc5 Bc1 36. Kc6 g5 37. Kxc7 Bf4+ 38. Kc6 Be5 39. Rd3 1-0

[Event "World Rapid 2017"]
[Site "Riyadh KSA"]
[Date "2017.12.27"]
[Round "10.63"]
[White "Salama, Taher"]
[Black "Masrahi, Abdulrahman A"]
[Result "0-1"]
[BlackTitle "CM"]
[WhiteElo "1769"]
[BlackElo "1962"]
[WhiteFideId "11502231"]
[BlackFideId "21501564"]
[EventDate "2017.12.26"]

1. d4 d5 2. c4 c6 3. e3 Nf6 4. Nf3 a6 5. cxd5 cxd5 6. Nc3 Nc6 7. Bd3 Bg4 8. O-O
e6 9. Bd2 Be7 10. Rc1 O-O 11. h3 Bh5 12. Be2 Rc8 13. Ne1 Bxe2 14. Qxe2 Qb6 15.
b3 Ba3 16. Rb1 Nb4 17. Nd3 Nd7 18. Na4 Qb5 19. Bxb4 Bxb4 20. Nf4 Qxe2 21. Nxe2
Rc2 22. Rb2 Rfc8 23. Nf4 b5 24. Rxc2 Rxc2 25. Nd3 Ba3 26. Nac5 Nxc5 27. Nxc5
Bxc5 28. dxc5 Rxc5 29. Ra1 a5 30. Kf1 Rc2 31. g3 Kf8 32. a3 Ke7 33. b4 a4 34.
Rd1 Rc3 35. Ra1 Rc2 36. Ke1 Kd6 37. Rd1 Ke5 38. Kf1 Rc3 39. Ra1 Ke4 40. Ke2 Rc2+
41. Ke1 Kf3 0-1

[Event "World Rapid 2017"]
[Site "Riyadh KSA"]
[Date "2017.12.27"]
[Round "10.64"]
[White "Al Mahmood, Salman"]
[Black "Alanazy, Mohammed"]
[Result "1-0"]
[WhiteElo "1593"]
[BlackElo "1850"]
[WhiteFideId "11201517"]
[BlackFideId "21508488"]
[EventDate "2017.12.26"]

1. e4 e5 2. d4 exd4 3. Qxd4 Nc6 4. Qe3 b6 5. Nc3 a5 6. Bd2 Nge7 7. f4 Ng6 8. Nf3
Ba6 9. Bxa6 Rxa6 10. O-O-O Be7 11. g4 Qc8 12. Nd5 Bc5 13. Qe2 O-O 14. Kb1 Ra8
15. h4 Nge7 16. Bc3 Bb4 17. Qd3 Bxc3 18. Qxc3 Nxd5 19. exd5 Na7 20. h5 c6 21. h6
f6 22. hxg7 Kxg7 23. g5 Nb5 24. gxf6+ Rxf6 25. Rdg1+ Kf7 26. Rxh7+ Ke8 27. Qxf6 1-0

[Event "World Rapid 2017"]
[Site "Riyadh KSA"]
[Date "2017.12.27"]
[Round "10.65"]
[White "Al Zamel, Khaled"]
[Black "Al Omary, Ahmed"]
[Result "1-0"]
[WhiteElo "1942"]
[BlackElo "1875"]
[WhiteFideId "21500967"]
[BlackFideId "21500207"]
[EventDate "2017.12.26"]

1. e4 b6 2. d4 Bb7 3. Nc3 e6 4. Bd3 Nf6 5. Nf3 Bb4 6. Qe2 O-O 7. O-O c5 8. a3
Bxc3 9. bxc3 c4 10. Bxc4 Nxe4 11. Bb2 Qc7 12. Qd3 d5 13. Bb3 b5 14. Ne5 Ba6 15.
Rfe1 Nd6 16. Qe3 Nc4 17. Bxc4 bxc4 18. Bc1 Nd7 19. Nf3 Nf6 20. Ne5 Nd7 21. Qg3
f6 22. Nxd7 Qxd7 23. Bf4 Rae8 24. Rab1 Bb5 25. Rb4 a6 26. Reb1 Rf7 27. h4 Rfe7
28. Bd6 Rf7 29. h5 e5 30. dxe5 fxe5 31. Bxe5 Qf5 32. Bd4 Qxh5 33. a4 Rfe7 34. f3
Bd7 35. Rb7 Qf5 36. Qf2 Re2 37. Qg3 R2e7 38. f4 Qxc2 39. Qf3 Qf5 40. g4 Qxg4+
41. Qxg4 Bxg4 42. Be5 Bd7 43. Kf2 Bxa4 44. Ke3 Bb5 45. Rb6 Kf7 46. Rg1 1-0

[Event "World Rapid 2017"]
[Site "Riyadh KSA"]
[Date "2017.12.27"]
[Round "10.66"]
[White "Al Juhani, Bakr"]
[Black "Alem, Ali Hussien"]
[Result "0-1"]
[WhiteElo "1854"]
[BlackElo "1745"]
[WhiteFideId "21500185"]
[BlackFideId "21500088"]
[EventDate "2017.12.26"]

1. e4 e6 2. d3 d5 3. Nd2 c5 4. Ngf3 Nf6 5. g3 Be7 6. Bg2 d4 7. O-O Nc6 8. e5 Nd7
9. Re1 Qc7 10. Qe2 O-O 11. a4 Nb4 12. Nc4 Rb8 13. c3 dxc3 14. bxc3 Nd5 15. Bd2
a6 16. a5 b5 17. axb6 N7xb6 18. Nxb6 Qxb6 19. h4 Rd8 20. Ng5 Qb2 21. Bxd5 Rxd5
22. Reb1 Qxb1+ 23. Rxb1 Rxb1+ 24. Kh2 Bb7 25. Ne4 Rxe5 26. Bf4 Rd5 27. Qc2 Rb6
28. Qa4 Rd8 29. Bc7 Bc6 30. Qc2 Rdb8 31. Bxb8 Rxb8 32. Qa2 h6 33. Qxa6 Bd5 34.
Qa7 Rb7 35. Qa2 Bxa2 0-1

[Event "World Rapid 2017"]
[Site "Riyadh KSA"]
[Date "2017.12.27"]
[Round "10.67"]
[White "Al Bargi, Hassan M"]
[Black "Al Abdali, Zeyad Saleh"]
[Result "0-1"]
[WhiteElo "1579"]
[BlackElo "1801"]
[WhiteFideId "21501475"]
[BlackFideId "21501505"]
[EventDate "2017.12.26"]

1. d4 Nf6 2. Bf4 c5 3. d5 d6 4. Nc3 Na6 5. e4 Nc7 6. h3 a6 7. a4 e6 8. Nf3 Be7
9. Bd3 e5 10. Be3 Bd7 11. O-O b5 12. axb5 axb5 13. b3 O-O 14. Nd2 Qc8 15. f4 Qb7
16. f5 g6 17. Bh6 Rfe8 18. Qf3 Kh8 19. fxg6 fxg6 20. Bg5 Rf8 21. Qg3 Rxa1 22.
Rxa1 Qb6 23. Kh1 Nce8 24. Ne2 Ng7 25. Qh4 Bd8 26. c4 b4 27. Rf1 Nge8 28. Bh6 Ng8
29. Bg5 Rxf1+ 30. Nxf1 Nef6 31. Ne3 Kg7 32. Kh2 h6 33. Bxf6+ Bxf6 34. Qf2 Qb8
35. Ng1 Qd8 36. Nf3 Kh7 37. Ng4 Bxg4 38. hxg4 Qd7 39. Qg3 Bg7 40. Nh4 Nf6 41. g5
Nh5 42. Qe3 Qe7 43. g4 Nf4 0-1

[Event "World Rapid 2017"]
[Site "Riyadh KSA"]
[Date "2017.12.28"]
[Round "11.1"]
[White "Pantsulaia, Levan"]
[Black "Carlsen, Magnus"]
[Result "0-1"]
[WhiteTitle "GM"]
[BlackTitle "GM"]
[WhiteElo "2612"]
[BlackElo "2837"]
[WhiteFideId "13602071"]
[BlackFideId "1503014"]
[EventDate "2017.12.26"]

1. Nf3 d5 2. g3 Bg4 3. Bg2 e6 4. c4 c6 5. O-O Nf6 6. d3 Bd6 7. Nc3 O-O 8. Be3
Nbd7 9. Qb3 Qb8 10. a3 Re8 11. Rfc1 Bh5 12. Qc2 a5 13. b3 h6 14. Qb2 Ne5 15.
Nxe5 Bxe5 16. d4 Bd6 17. Bd2 Bg6 18. Na4 Qd8 19. Bf4 Bxf4 20. gxf4 Ne4 21. e3
Nd6 22. Nc3 Bd3 23. c5 Nf5 24. Ne2 Nh4 25. Ng3 f5 26. f3 g5 27. Qd2 Ba6 28. Kf2
gxf4 29. exf4 Ng6 30. Kg1 Qh4 31. Qxa5 Nxf4 32. Qd2 Nd3 33. f4 Nxf4 34. Bf1 Qg5
35. Kh1 Nd3 36. Rc2 Qxd2 37. Rxd2 Nf4 38. Rf2 Ng6 39. Bxa6 bxa6 40. b4 a5 41. b5
cxb5 42. Rb1 Reb8 43. Rfb2 b4 44. axb4 Rxb4 45. Rxb4 axb4 46. Rxb4 Nf4 47. Rb1
Ra4 48. Rd1 Kf7 49. Kg1 Kf6 50. Kf2 Ra3 51. Rb1 Rd3 52. Rb4 Kg5 53. Nf1 Rc3 54.
Rb8 Kf6 55. Nd2 Nh3+ 56. Ke2 f4 57. Rf8+ Ke7 58. Rh8 Ng5 59. Rxh6 f3+ 60. Kf2
Rd3 61. Nf1 Ne4+ 62. Kg1 Rxd4 63. Rh7+ Kf6 64. c6 Rc4 65. c7 Rc2 66. Ne3 Rc1+
67. Nf1 Nd2 0-1

[Event "World Rapid 2017"]
[Site "Riyadh KSA"]
[Date "2017.12.28"]
[Round "11.7"]
[White "Korobov, Anton"]
[Black "Quparadze, Giga"]
[Result "1/2-1/2"]
[WhiteTitle "GM"]
[BlackTitle "GM"]
[WhiteElo "2652"]
[BlackElo "2506"]
[WhiteFideId "14105730"]
[BlackFideId "13602250"]
[EventDate "2017.12.26"]

1. d4 Nf6 2. c4 e6 3. Nf3 Bb4+ 4. Nbd2 b6 5. a3 Bxd2+ 6. Qxd2 Bb7 7. e3 O-O 8.
Bd3 d6 9. Qc2 c5 10. dxc5 bxc5 11. O-O a5 12. b3 Qc7 13. Bb2 Nbd7 14. Nd2 Bc6
15. f3 Rfb8 16. Bc3 h6 17. Rfe1 Qd8 18. Rad1 d5 19. cxd5 exd5 20. Nf1 Qb6 21.
Rb1 Bb5 22. Ng3 d4 23. Bxb5 Qxb5 24. exd4 c4 25. b4 axb4 26. Bxb4 Qa6 27. Rbc1
Nd5 28. Qxc4 Qxc4 29. Rxc4 Ra4 30. Nf5 Nxb4 31. axb4 Raxb4 32. Rc7 Nf6 33. Re2
Nd5 34. Ra7 Nf4 35. Rd2 R4b5 36. Ne7+ Kh7 37. d5 Rb2 38. Rxb2 Rxb2 39. g3 Ne2+
40. Kf2 Nf4+ 41. Ke3 Ng2+ 42. Ke4 Ne1 43. d6 Re2+ 44. Kd5 Rd2+ 45. Kc5 Nxf3 46.
Nc6 Ng5 47. d7 Ne6+ 48. Kb6 Rb2+ 49. Ka5 Rxh2 50. d8=Q Nxd8 51. Nxd8 Ra2+ 52.
Kb6 Rxa7 53. Kxa7 Kg6 54. Kb6 f5 55. Kc5 f4 56. gxf4 Kf5 1/2-1/2

[Event "World Rapid 2017"]
[Site "Riyadh KSA"]
[Date "2017.12.28"]
[Round "11.8"]
[White "Rapport, Richard"]
[Black "Bu, Xiangzhi"]
[Result "1/2-1/2"]
[WhiteTitle "GM"]
[BlackTitle "GM"]
[WhiteElo "2707"]
[BlackElo "2730"]
[WhiteFideId "738590"]
[BlackFideId "8601445"]
[EventDate "2017.12.26"]

1. b3 Nf6 2. Bb2 e6 3. e3 d5 4. f4 c5 5. Nf3 Nc6 6. Bb5 Bd7 7. a4 a6 8. Bxc6
Bxc6 9. a5 Be7 10. O-O O-O 11. d3 Nd7 12. c4 Bf6 13. Qe2 Re8 14. Ne5 Bxe5 15.
fxe5 Qg5 16. Nd2 Nxe5 17. h4 Qg4 18. Nf3 Nxf3+ 19. Qxf3 Qxf3 20. gxf3 Rad8 21.
Rad1 b5 22. axb6 Rb8 23. Rc1 Rxb6 24. cxd5 exd5 25. Rxc5 Rxe3 26. Rfc1 Be8 27.
Rxd5 Rxb3 28. Kf2 Re6 29. Rc2 f6 30. f4 Reb6 31. Bd4 Rb7 32. Rc8 Kf7 33. Bc5 Rd7
34. Rxd7+ Bxd7 35. Ra8 Rxd3 36. Rxa6 Kg6 37. Rd6 Rc3 38. Rxd7 Rxc5 39. Kg3 h5
40. Rd3 Rc1 41. Rd5 Rg1+ 42. Kh3 Rg4 43. f5+ Kf7 44. Rd7+ Kg8 45. Rd8+ Kh7 46.
Rd5 Re4 47. Kg3 Kg8 48. Rd8+ Kh7 49. Rd5 Re3+ 50. Kf2 Ra3 51. Kg2 Ra8 52. Kg3
Kg8 53. Rd4 Ra5 54. Rf4 Kf7 55. Rf1 Ke7 56. Kh3 Ra3+ 57. Kh2 Ra4 58. Kh3 Rg4 59.
Re1+ Kd6 60. Re8 Ra4 61. Rh8 Ra3+ 62. Kg2 Ke5 63. Rxh5 Kf4 64. Rh7 Rg3+ 65. Kh2
Rg4 66. Rh5 Kf3 67. Rh7 Ke4 68. Rh5 Kf4 69. Kh3 Rg3+ 70. Kh2 Ra3 71. Rh7 Ra7 72.
h5 Kxf5 73. h6 Ra2+ 74. Kg1 g5 75. Rg7 Kg4 76. Rg6 Ra1+ 77. Kg2 Ra2+ 78. Kg1
Ra1+ 79. Kg2 Ra2+ 1/2-1/2

[Event "World Rapid 2017"]
[Site "Riyadh KSA"]
[Date "2017.12.28"]
[Round "11.10"]
[White "Petrosian, Tigran L."]
[Black "Kravtsiv, Martyn"]
[Result "0-1"]
[WhiteTitle "GM"]
[BlackTitle "GM"]
[WhiteElo "2601"]
[BlackElo "2672"]
[WhiteFideId "13301616"]
[BlackFideId "14113147"]
[EventDate "2017.12.26"]

1. Nf3 Nf6 2. g3 d5 3. Bg2 e6 4. d3 Be7 5. Nbd2 Nc6 6. O-O O-O 7. e4 dxe4 8.
dxe4 e5 9. c3 a5 10. a4 Be6 11. Qe2 Nd7 12. Nc4 f6 13. Rd1 Qe8 14. Ne3 Nc5 15.
Nd5 Bd6 16. Qc4 Ne7 17. Be3 b6 18. Bxc5 Bxc5 19. Bh3 Bf7 20. Nxe7+ Qxe7 21. Qb5
Rfd8 22. Bd7 Rab8 23. Kg2 Kh8 24. Rd2 Qf8 25. Rad1 Qg8 26. Qc6 Bd6 27. Nh4 Bb3
28. Rxd6 cxd6 29. Rxd6 Qc4 30. Qxc4 Bxc4 31. Nf5 g6 32. Ne3 Bb3 33. Nd5 Bxa4 34.
Nxb6 Bxd7 35. Nxd7 Rxb2 36. c4 Rb7 37. Nc5 Rxd6 38. Nxb7 Ra6 39. Nc5 Rc6 40. Nb7
a4 0-1

[Event "World Rapid 2017"]
[Site "Riyadh KSA"]
[Date "2017.12.28"]
[Round "11.11"]
[White "Rakhmanov, Aleksandr"]
[Black "Wang, Yue"]
[Result "1-0"]
[WhiteTitle "GM"]
[BlackTitle "GM"]
[WhiteElo "2653"]
[BlackElo "2690"]
[WhiteFideId "4173708"]
[BlackFideId "8601429"]
[EventDate "2017.12.26"]

1. d4 Nf6 2. c4 e6 3. Nc3 Bb4 4. e3 b6 5. Bd3 Bb7 6. Nf3 O-O 7. O-O Bxc3 8. bxc3
Ne4 9. Nd2 Nxd2 10. Bxd2 f5 11. f3 d6 12. Qe2 Nd7 13. e4 fxe4 14. fxe4 Qh4 15.
Rae1 Rxf1+ 16. Rxf1 Rf8 17. Rxf8+ Kxf8 18. Qf2+ Qxf2+ 19. Kxf2 e5 20. Bg5 Nf6
21. Kf3 Kf7 22. h3 Ke6 23. g4 c5 24. Ke3 Ba6 25. Bh4 Ng8 26. Be2 Ne7 27. g5 Kf7
28. d5 Bc8 29. Bf1 Kg6 30. Kf3 Bd7 31. Kg3 Kf7 32. Kf3 Ng6 33. Bg3 Nh8 34. h4
Ke7 35. h5 g6 36. hxg6 hxg6 37. Be2 Nf7 38. Bh4 Nd8 39. Bd1 Nb7 40. Bb3 Na5 41.
Be1 Kd8 42. Bd2 Kc7 43. Bc1 Bc8 44. Ke3 Bg4 45. Kd3 Bh3 46. Ke2 Bg2 47. Ke3 Bf1
48. Ba4 Bxc4 49. Be8 Kd8 50. Bxg6 Ke7 51. Kf3 Bxa2 52. Bf5 Bb3 53. g6 Bd1+ 54.
Kg3 Kf6 55. Kh4 Nc4 56. Bh6 Ne3 57. Bxe3 Kg7 58. Bg5 1-0

[Event "World Rapid 2017"]
[Site "Riyadh KSA"]
[Date "2017.12.28"]
[Round "11.12"]
[White "Saric, Ivan"]
[Black "Artemiev, Vladislav"]
[Result "1/2-1/2"]
[WhiteTitle "GM"]
[BlackTitle "GM"]
[WhiteElo "2669"]
[BlackElo "2691"]
[WhiteFideId "14508150"]
[BlackFideId "24101605"]
[EventDate "2017.12.26"]

1. e4 c5 2. Nf3 d6 3. d4 cxd4 4. Nxd4 Nf6 5. Nc3 a6 6. a3 Qc7 7. Be3 Nc6 8. Be2
e6 9. g4 Ne5 10. g5 Nfd7 11. f4 Nc4 12. Bxc4 Qxc4 13. Qd2 b5 14. O-O-O b4 15.
axb4 Qxb4 16. Kb1 Rb8 17. b3 Bb7 18. Rhe1 Rc8 19. Nd5 Qxd2 20. Bxd2 Nc5 21. Nc3
h6 22. b4 e5 23. Nf5 Ne6 24. gxh6 g6 25. fxe5 gxf5 26. exf5 Nd4 27. exd6+ Kd7
28. Na4 Nf3 29. Nb6+ Kc6 30. Nxc8 Nxd2+ 31. Rxd2 Bxc8 32. Re3 Kd7 33. Rc3 Kd8
34. d7 Bb7 35. Rh3 Be4 36. Rc3 Bb7 37. Rh3 Be4 38. Rd1 Rxh6 39. Re3 Rh4 40. Rd4
Bxc2+ 41. Kxc2 Rxd4 42. Re8+ Kxd7 43. Rxf8 Rxb4 44. Rxf7+ Kd6 45. Kd3 Ke5 46.
Ke3 Re4+ 47. Kd3 Rh4 48. Ra7 Rxh2 49. Rxa6 1/2-1/2

[Event "World Rapid 2017"]
[Site "Riyadh KSA"]
[Date "2017.12.28"]
[Round "11.13"]
[White "Grischuk, Alexander"]
[Black "Bocharov, Dmitry"]
[Result "1-0"]
[WhiteTitle "GM"]
[BlackTitle "GM"]
[WhiteElo "2772"]
[BlackElo "2583"]
[WhiteFideId "4126025"]
[BlackFideId "4138716"]
[EventDate "2017.12.26"]

1. e4 c5 2. Nf3 Nc6 3. Bb5 e6 4. O-O Nge7 5. Re1 a6 6. Bf1 d5 7. d3 d4 8. e5 Nd5
9. c4 dxc3 10. bxc3 Be7 11. c4 Nb6 12. Nc3 O-O 13. Ne4 Nd7 14. Bf4 b6 15. g3 Bb7
16. Bg2 Qc7 17. Nd6 Bxd6 18. exd6 Qb8 19. Rb1 Re8 20. Rxb6 Nxb6 21. d7 Qa7 22.
dxe8=Q+ Rxe8 23. Ng5 Nd8 24. Qh5 h6 25. Ne4 Bxe4 26. Bxe4 Nd7 27. Rb1 Nf6 28.
Qe5 Nxe4 29. Qxe4 Qd7 30. Rb6 e5 31. Be3 Ne6 32. Rxa6 Nf4 33. Bxf4 exf4 34. Ra8
Rxa8 35. Qxa8+ Kh7 36. Qe4+ Kg8 37. Qa8+ Kh7 38. Qd5 Qa4 39. Qf5+ Kg8 40. Qc8+
Kh7 41. Qf5+ Kg8 42. Kg2 Qxa2 43. Qc8+ Kh7 44. Qf5+ Kg8 45. Qc8+ Kh7 46. Qxc5
fxg3 47. Qf5+ Kg8 48. Qc8+ Kh7 49. Qf5+ Kg8 50. hxg3 Qa8+ 51. Qe4 Qc8 52. Qd5 1-0

[Event "World Rapid 2017"]
[Site "Riyadh KSA"]
[Date "2017.12.28"]
[Round "11.14"]
[White "Le, Quang Liem"]
[Black "Sargissian, Gabriel"]
[Result "1-0"]
[WhiteTitle "GM"]
[BlackTitle "GM"]
[WhiteElo "2737"]
[BlackElo "2672"]
[WhiteFideId "12401137"]
[BlackFideId "13300881"]
[EventDate "2017.12.26"]

1. d4 Nf6 2. c4 e6 3. Nf3 d5 4. Nc3 Be7 5. Qc2 c5 6. dxc5 d4 7. Nb5 e5 8. Nxe5
a6 9. Na3 Bxc5 10. Nd3 O-O 11. Nxc5 Qa5+ 12. Bd2 Qxc5 13. e3 Nc6 14. Bd3 Ne5 15.
O-O dxe3 16. Bxe3 Qd6 17. Rad1 Qc7 18. Qc1 Nxd3 19. Rxd3 Bf5 20. Bf4 Qc8 21. Rd4
Re8 22. h3 Ne4 23. Nc2 Nc5 24. Ne3 Nd3 25. Qc3 Nxf4 26. Rxf4 Be6 27. Rd1 b5 28.
c5 a5 29. a3 a4 30. Rd6 Qc7 31. Rfd4 Rac8 32. c6 Qb6 33. Nd5 Qa7 34. Nb4 Bc4 35.
Qf3 Qc5 36. Qf4 h6 37. Na6 Qa7 38. Rxc4 Qxa6 39. Rc5 Qb6 40. Rd7 Rf8 41. Qd6 b4
42. Rb7 Qa6 43. axb4 Qe2 44. c7 Qe1+ 45. Kh2 Qxf2 46. Rb8 Kh7 47. Ra5 Rce8 48.
Qd3+ g6 49. Rxe8 Rxe8 50. Qf3 1-0

[Event "World Rapid 2017"]
[Site "Riyadh KSA"]
[Date "2017.12.28"]
[Round "11.15"]
[White "Li, Chao b"]
[Black "Onischuk, Vladimir"]
[Result "0-1"]
[WhiteTitle "GM"]
[BlackTitle "GM"]
[WhiteElo "2732"]
[BlackElo "2637"]
[WhiteFideId "8604436"]
[BlackFideId "14114038"]
[EventDate "2017.12.26"]

1. d4 d6 2. Nf3 g6 3. c4 Bg7 4. Nc3 e5 5. dxe5 dxe5 6. Qxd8+ Kxd8 7. Bg5+ f6 8.
O-O-O+ Nd7 9. Be3 Nh6 10. Bxh6 Bxh6+ 11. e3 c6 12. Ne4 Ke7 13. g4 Bg7 14. Rg1
Nf8 15. h4 h5 16. gxh5 Rxh5 17. Be2 Rh7 18. Nd6 f5 19. e4 fxe4 20. Nxe4 Bf5 21.
Neg5 Rh8 22. Bd3 Rd8 23. Be4 Rxd1+ 24. Rxd1 Bf6 25. Kc2 Nd7 26. Re1 Rh5 27. b4
Bxg5 28. hxg5 Bxe4+ 29. Rxe4 Ke6 30. Nd4+ Kd6 31. Nf3 Rh1 32. Re2 Rh3 33. c5+
Kd5 34. Rd2+ Kc4 35. Rd3 Kxb4 36. Nxe5 Rxd3 37. Nxd3+ Kc4 38. f4 Kd4 39. a4 Ke4
40. a5 a6 41. Kc3 Nf8 42. Kc4 Ne6 43. Ne5 Nxf4 44. Nf7 Ne6 45. Nd6+ Kf4 46. Nxb7
Kxg5 47. Nd6 Kf4 48. Nf7 g5 49. Kd3 Nxc5+ 50. Kd4 0-1

[Event "World Rapid 2017"]
[Site "Riyadh KSA"]
[Date "2017.12.28"]
[Round "11.16"]
[White "Adhiban, Baskaran"]
[Black "Short, Nigel D"]
[Result "1-0"]
[WhiteTitle "GM"]
[BlackTitle "GM"]
[WhiteElo "2655"]
[BlackElo "2678"]
[WhiteFideId "5018471"]
[BlackFideId "400025"]
[EventDate "2017.12.26"]

1. e4 e5 2. Nf3 Nc6 3. Bb5 a6 4. Ba4 d6 5. O-O Bd7 6. d4 exd4 7. Nxd4 Be7 8.
Nxc6 Bxc6 9. Bxc6+ bxc6 10. Qf3 Qd7 11. Rd1 Bf6 12. Nd2 Ne7 13. Nc4 Qe6 14. Ne3
h5 15. Nf5 g6 16. Nxe7 Kxe7 17. e5 dxe5 18. Qa3+ Ke8 19. Qb4 h4 20. h3 Rh5 21.
Qb7 Rc8 22. Qxa6 Kf8 23. a4 Kg7 24. a5 e4 25. Qe2 Rb5 26. Ra4 Rd5 27. Re1 Ra8
28. Rxe4 Qd7 29. b4 c5 30. Qf3 Ra6 31. b5 Rad6 32. a6 Rf5 33. Rf4 Re5 34. Be3
Re8 35. a7 c6 36. b6 Qb7 37. Rb1 Bd4 38. Bxd4+ Rxd4 39. Rxf7+ Qxf7 40. Qxf7+
Kxf7 41. b7 1-0